Sports Quiz

Random Sports or Famous Quiz

Basketball Players by First Names Quiz Stats

 Plays Quiz Updated Sep 21, 2019

Score 0/24 Timer 05:00
37 Plays Today
% Correct
LEBRON James
95.5%
KOBE Bryant
95.1%
MICHAEL Jordan
95.1%
SHAQUILLE O'Neal
94.8%
LARRY Bird
94.4%
DIRK Nowitzki
93.4%
DWYANE Wade
93.2%
PAU Gasol
92.7%
DENNIS Rodman
92.5%
CHARLES Barkley
92.4%
SCOTTY 'Scottie' Pippen
92.1%
CARMELO Anthony
91.8%
% Correct
ALLEN Iverson
90.3%
JOHN Stockton
89.5%
PATRICK Ewing
88.8%
KEVIN Garnett
87.1%
KARL Malone
86.7%
WILTON
Norman Chamberlain
86.4%
JAMES Harden
86%
EARVIN
'Magic' Johnson, Jr.
84.5%
REGINALD 'Reggie' Miller
83.5%
MOSES Malone
81.8%
WARDELL
Stephen Curry II
76.5%
FERDINAND
Lewis Alcindor, Jr.
73.1%

You're not logged in!

Compare scores with friends on all Sporcle quizzes.
OR
Log In

Sporcle TV

Today on Sporcle TV


Watch our educational content, quiz creation guides, and fun videos on Sporcle TV.

Show Comments

Extras

Top Quizzes Today


Score Distribution

Your Account Isn't Verified!

In order to create a playlist on Sporcle, you need to verify the email address you used during registration. Go to your Sporcle Settings to finish the process.

Report this User

Report this user for behavior that violates our Community Guidelines.

Details: